Die bestimmung des düngerbedürfnisses des bodens. (Record no. 9386)

MARC details
000 -LEADER
fixed length control field 00721cam a22002291 4500
001 - CONTROL NUMBER
control field agr30001355
003 - CONTROL NUMBER IDENTIFIER
control field DLC
005 - DATE AND TIME OF LATEST TRANSACTION
control field 20260227110950.0
008 - FIXED-LENGTH DATA ELEMENTS--GENERAL INFORMATION
fixed length control field 800701s1930 gw a 000 0 ger c
010 ## - LIBRARY OF CONGRESS CONTROL NUMBER
LC control number agr30001355
035 ## - SYSTEM CONTROL NUMBER
System control number (OCoLC)6475017
040 ## - CATALOGING SOURCE
Original cataloging agency Library, U.S. Dept. of Agriculture
Transcribing agency TxCM
Modifying agency OCoLC
-- DLC
042 ## - AUTHENTICATION CODE
Authentication code premarc
050 00 - LIBRARY OF CONGRESS CALL NUMBER
Classification number S593
Item number .M58 1930
100 1# - MAIN ENTRY--PERSONAL NAME
Personal name Mitscherlich, Eilhard Alfred,
Dates associated with a name 1874-
245 14 - TITLE STATEMENT
Title Die bestimmung des düngerbedürfnisses des bodens.
Statement of responsibility, etc. Von dr. phil. Eilh. Alfred Mitscherlich ...
250 ## - EDITION STATEMENT
Edition statement dritte neubearbeitete auflage.
260 ## - PUBLICATION, DISTRIBUTION, ETC.
Place of publication, distribution, etc. Berlin,
Name of publisher, distributor, etc. P. Parey,
Date of publication, distribution, etc. 1930.
300 ## - PHYSICAL DESCRIPTION
Extent 119, [1] p.
Other physical details illus., diagrs.
Dimensions 23 cm.
650 #0 - SUBJECT ADDED ENTRY--TOPICAL TERM
Topical term or geographic name entry element Soils.
650 #0 - SUBJECT ADDED ENTRY--TOPICAL TERM
Topical term or geographic name entry element Fertilizers.

No items available.

Powered by Koha